Una perspectiva de la poesía popular guanacasteca

Salvato in:
Dettagli Bibliografici
Autore principale: Coto Moya, Sandra
Natura: Libro
Lingua:Undetermined
Pubblicazione: San José, Costa Rica Escuela de Filología, Literatura y Lingüística,Universidad de Costa Rica 1990
Soggetti:
Tags: Aggiungi Tag
Nessun Tag, puoi essere il primo ad aggiungerne!!

MARC

LEADER 00000nam a2200000Ia 4500
008 170316s9999 xx 000 0 und d
040 |a cru BVZT 
090 |a Tesis 429 
100 |a Coto Moya, Sandra 
245 |a Una perspectiva de la poesía popular guanacasteca 
260 |a San José, Costa Rica 
260 |b Escuela de Filología, Literatura y Lingüística,Universidad de Costa Rica 
260 |c 1990 
300 |a 253 páginas 
650 |a LICENCIATURA EN FILOLOGÍA ESPAÑOLA 
650 |a TRABAJO FINAL DE GRADUACIÓN 
999 |c 14068  |d 14068 
942 |c TFG  |h Tesis 429  |2 z